Statystyki dla Który sklep w Polsce jest najlepiej oceniany?

Kliknij tutaj aby rozwiązać quiz!

Ogólne statystyki

  • Ten quiz został rozwiązany 78 razy
  • Średni wynik to 2 z 10

Statystyki odpowiedzi

MiejsceSklep% Poprawnych
4.Lidl
86%
8.Empik
28%
3.Rossman
26%
2.Nike
24%
6.Ikea
21%
1.Allegro
16%
10.Reserved
16%
9.eobuwie
12%
7.Hebe
10%
5.4F
9%

Rozkład punktacji

Percentyl według liczby udzielonych odpowiedzi

Procent ludzi z każdym wynikiem

Twoja historia wyników

Nie rozwiązałeś tego quizu